<?xml version="1.0" encoding="UTF-8"?>
<record
    xmlns:xsi="http://www.w3.org/2001/XMLSchema-instance"
    xsi:schemaLocation="http://www.loc.gov/MARC21/slim http://www.loc.gov/standards/marcxml/schema/MARC21slim.xsd"
    xmlns="http://www.loc.gov/MARC21/slim">

  <leader>01189nam a2200265 a 4500</leader>
  <controlfield tag="001">9838</controlfield>
  <controlfield tag="003">CO-ViMGA</controlfield>
  <controlfield tag="008">141112s2004    ck      r     000 u spa d</controlfield>
  <datafield tag="040" ind1=" " ind2=" ">
    <subfield code="a">CO-ViMGA</subfield>
    <subfield code="b">spa</subfield>
    <subfield code="c">CO-ViMGA</subfield>
  </datafield>
  <datafield tag="082" ind1="0" ind2="4">
    <subfield code="a">347.064 R672</subfield>
  </datafield>
  <datafield tag="100" ind1="1" ind2=" ">
    <subfield code="a">Rocha Alvira ; Antonio, </subfield>
    <subfield code="9">11717</subfield>
  </datafield>
  <datafield tag="245" ind1="1" ind2="0">
    <subfield code="a">De La prueba en Derecho</subfield>
  </datafield>
  <datafield tag="260" ind1=" " ind2=" ">
    <subfield code="a">Medell&#xED;n : </subfield>
    <subfield code="b">Biblioteca Juridica Dike, </subfield>
    <subfield code="c">1990</subfield>
  </datafield>
  <datafield tag="300" ind1=" " ind2=" ">
    <subfield code="a">648p.</subfield>
  </datafield>
  <datafield tag="650" ind1="1" ind2="4">
    <subfield code="a">DE LA PRUEBA LITERAL</subfield>
    <subfield code="9">11718</subfield>
  </datafield>
  <datafield tag="650" ind1="1" ind2="4">
    <subfield code="a">DOCUMENTOS Y PODERES OTORGADOS EN PAISES</subfield>
    <subfield code="9">11719</subfield>
  </datafield>
  <datafield tag="650" ind1="1" ind2="4">
    <subfield code="a">EL INICIO EN LA HISTORIA, EL ASESINATO DEL MARISCAL DE AYACUCHO Y EL SINO TRAGICO DE LA RECIA PERSONALIDAD DEL PRESIDENTE OBANDO</subfield>
    <subfield code="9">11720</subfield>
  </datafield>
  <datafield tag="650" ind1="1" ind2="4">
    <subfield code="a">INSTRUMENTOS PUBLICOS CON FUERZA DE PRUEBA EN JUICIO, SEGUN EL DERECHO CANONICO</subfield>
    <subfield code="9">11721</subfield>
  </datafield>
  <datafield tag="650" ind1="1" ind2="4">
    <subfield code="a">LA PRESUNCION COMO PRUEBA EN MATERIAL PENAL</subfield>
    <subfield code="9">11722</subfield>
  </datafield>
  <datafield tag="650" ind1="1" ind2="4">
    <subfield code="a">LA PRESUNCION DE CAPACIDAD LEGAL PARA CONTRATAR Y PARA TESTAR Y LA PRUEBA DE LA DEMENCIA QUE DESVIRTUA LA PRESUNCION</subfield>
    <subfield code="9">11723</subfield>
  </datafield>
  <datafield tag="650" ind1="1" ind2="4">
    <subfield code="a">LA PRUEBA INDICIAL</subfield>
    <subfield code="9">11724</subfield>
  </datafield>
  <datafield tag="650" ind1="1" ind2="4">
    <subfield code="a">LA PRUEBA POR MEDIO DE PRESUNCIONES</subfield>
    <subfield code="9">11725</subfield>
  </datafield>
  <datafield tag="650" ind1="1" ind2="4">
    <subfield code="a">TACHA DE FALSEDAD O INCIDENTE SOBRE AUTENTICIDAD DE UN DOCUMENTO PUBLICO Y PRIVADO</subfield>
    <subfield code="9">11726</subfield>
  </datafield>
  <datafield tag="942" ind1=" " ind2=" ">
    <subfield code="2">ddc</subfield>
    <subfield code="c">BK</subfield>
  </datafield>
  <datafield tag="999" ind1=" " ind2=" ">
    <subfield code="c">21220</subfield>
    <subfield code="d">21220</subfield>
  </datafield>
  <datafield tag="952" ind1=" " ind2=" ">
    <subfield code="0">0</subfield>
    <subfield code="1">0</subfield>
    <subfield code="2">ddc</subfield>
    <subfield code="4">0</subfield>
    <subfield code="7">0</subfield>
    <subfield code="8">002</subfield>
    <subfield code="a">MEVIECAR</subfield>
    <subfield code="b">MEVIECAR</subfield>
    <subfield code="d">2015-12-04</subfield>
    <subfield code="h">11/jun/2009</subfield>
    <subfield code="l">0</subfield>
    <subfield code="o">347.064 R672 </subfield>
    <subfield code="p">9838</subfield>
    <subfield code="r">2015-12-04 00:00:00</subfield>
    <subfield code="t">Ej. 1</subfield>
    <subfield code="w">2015-12-04</subfield>
    <subfield code="y">BK</subfield>
  </datafield>
</record>
